Capitales españolas con más días de helada al año - Estadísticas

Estadísticas generales
  • Esta prueba ha sido intentada 243 veces
  • La puntuación promedio es 11 de 13
Estadísticas de respuestas
Días de Helada/Año Ciudad (capital de provincia) % Correcto
81 Burgos
94%
71 León
94%
77 Salamanca
94%
84 Soria
94%
53 Segovia
93%
57 Valladolid
92%
48 Zamora
92%
87 Ávila
90%
95 Teruel
90%
62 Cuenca
76%
50 Vitoria
76%
49 Lugo
71%
53 Albacete
68%
No se encontraron pruebas coincidentes
Distribución de puntuación
Porcentaje de gente con cada puntuación
Porcentaje por número respondido
Historial de tus puntuaciones
No has intentado esta prueba.